000 00551nam a2200193Ia 4500
001 7079
003 GE_BSU
008 181216s||||||||xx |||||||||||||| ||und||
040 _cGE_BSU
080 _a512.54+517.98
245 _aАрифметические группы и автоморфные функции
245 _cПод ред. И.И. Пятецкого-Шапиро
260 _aМосква
260 _bМир
260 _c1969
300 _a223стр. 20см.
653 _aАрифметические группы
942 _cBK
999 _c40468
_d40468